Northern New Jersey Municipalities by Shape - Statistics

General Stats
  • This quiz has been taken 5 times
  • The average score is 180 of 298
Answer Stats
Picture Answer % Correct
Bergenfield
100%
Carteret
100%
Chester Borough
100%
Chester Twp
100%
Franklin Borough
100%
Franklin Twp (Hunterdon Co.)
100%
Franklin Twp (Somerset Co.)
100%
Franklin Twp (Warren Co.)
100%
Green
100%
Green Brook
100%
Mendham Borough
100%
Mendham Twp
100%
Rahway
100%
South River
100%
Springfield
100%
Union Twp (Hunterdon Co.)
100%
Union Twp (Union Co.)
100%
Wallington
100%
Washington Borough
100%
Washington Twp (Bergen Co.)
100%
Washington Twp (Morris Co.)
100%
Washington Twp (Warren Co.)
100%
Westfield
100%
Woodbridge
100%
Alpine
75%
Bayonne
75%
Belvidere
75%
Berkeley Heights
75%
Bloomfield
75%
Bloomingdale
75%
Bloomsbury
75%
Bogota
75%
Branchburg
75%
Bridgewater
75%
Caldwell
75%
Clark
75%
Clifton
75%
Clinton Town
75%
Clinton Twp
75%
Closter
75%
Cranford
75%
Cresskill
75%
Demarest
75%
Dumont
75%
East Brunswick
75%
East Newark
75%
East Rutherford
75%
Edison
75%
Elizabeth
75%
Elmwood Park
75%
Englewood
75%
Englewood Cliffs
75%
Essex Fells
75%
Fairfield
75%
Fair Lawn
75%
Fairview
75%
Fanwood
75%
Fort Lee
75%
Franklin Lakes
75%
Garfield
75%
Garwood
75%
Glen Ridge
75%
Guttenberg
75%
Haledon
75%
Harding
75%
Haworth
75%
Hawthorne
75%
Highland Park
75%
Hillside
75%
Hopatcong
75%
Jersey City
75%
Linden
75%
Livingston
75%
Long Hill
75%
Lyndhurst
75%
Maplewood
75%
Maywood
75%
Mine Hill
75%
Montclair
75%
Montgomery
75%
Morris
75%
Mountainside
75%
Newark
75%
New Brunswick
75%
New Providence
75%
North Arlington
75%
North Bergen
75%
North Plainfield
75%
Oakland
75%
Old Bridge
75%
Old Tappan
75%
Orange
75%
Parsippany-Troy Hills
75%
Passaic
75%
Perth Amboy
75%
Phillipsburg
75%
Piscataway
75%
Plainfield
75%
Prospect Park
75%
Ridgewood
75%
Ringwood
75%
River Vale
75%
Rochelle Park
75%
Rockaway Borough
75%
Rockaway Twp
75%
Roseland
75%
Roselle
75%
Roselle Park
75%
Rutherford
75%
Saddle River
75%
Sayreville
75%
Scotch Plains
75%
Secaucus
75%
South Amboy
75%
South Bound Brook
75%
South Hackensack
75%
Sparta
75%
Sussex
75%
Teaneck
75%
Tenafly
75%
Union City
75%
Vernon
75%
Victory Gardens
75%
Warren
75%
Watchung
75%
Wayne
75%
Weehawken
75%
West Milford
75%
Wyckoff
75%
Alexandria
50%
Allendale
50%
Bedminster
50%
Belleville
50%
Bernards
50%
Bernardsville
50%
Bethlehem
50%
Boonton Town
50%
Boonton Twp
50%
Bound Brook
50%
Branchville
50%
Butler
50%
Byram
50%
Carlstadt
50%
Cedar Grove
50%
Chatham Borough
50%
Chatham Twp
50%
Cliffside Park
50%
Cranbury
50%
Delaware
50%
Denville
50%
Dover
50%
Dunellen
50%
East Hanover
50%
East Orange
50%
Edgewater
50%
Emerson
50%
Far Hills
50%
Flemington
50%
Florham Park
50%
Frenchtown
50%
Glen Gardner
50%
Glen Rock
50%
Hackensack
50%
Hackettstown
50%
Hanover
50%
Hardwick
50%
Hardyston
50%
Harmony
50%
Harrington Park
50%
Harrison
50%
Helmetta
50%
High Bridge
50%
Hillsborough
50%
Hillsdale
50%
Hoboken
50%
Ho-Ho-Kus
50%
Holland
50%
Irvington
50%
Jamesburg
50%
Jefferson
50%
Kearny
50%
Kenilworth
50%
Kingwood
50%
Kinnelon
50%
Knowlton
50%
Lambertville
50%
Lebanon Borough
50%
Lebanon Twp
50%
Leonia
50%
Lincoln Park
50%
Little Falls
50%
Little Ferry
50%
Lodi
50%
Lopatcong
50%
Madison
50%
Mahwah
50%
Metuchen
50%
Middlesex
50%
Midland Park
50%
Milford
50%
Millburn
50%
Millstone
50%
Monroe
50%
Montague
50%
Montvale
50%
Montville
50%
Moonachie
50%
Morris Plains
50%
Morristown
50%
Mountain Lakes
50%
Mount Arlington
50%
Mount Olive
50%
Netcong
50%
Newton
50%
North Brunswick
50%
North Caldwell
50%
North Haledon
50%
Northvale
50%
Norwood
50%
Nutley
50%
Oradell
50%
Oxford
50%
Palisades Park
50%
Paramus
50%
Paterson
50%
Peapack-Gladstone
50%
Pequannock
50%
Pohatcong
50%
Pompton Lakes
50%
Randolph
50%
Raritan Borough
50%
Raritan Twp
50%
Readington
50%
Ridgefield
50%
Riverdale
50%
River Edge
50%
Rockleigh
50%
Rocky Hill
50%
Roxbury
50%
Saddle Brook
50%
Sandyston
50%
Somerville
50%
South Brunswick
50%
South Orange
50%
South Plainfield
50%
Spotswood
50%
Stockton
50%
Summit
50%
Teterboro
50%
Tewksbury
50%
Totowa
50%
Upper Saddle River
50%
Verona
50%
Waldwick
50%
Walpack
50%
Wanaque
50%
Wantage
50%
West Caldwell
50%
West New York
50%
West Orange
50%
Westwood
50%
Wharton
50%
White
50%
Winfield
50%
Woodcliff Lake
50%
Woodland Park
50%
Wood-Ridge
50%
Allamuchy
25%
Alpha
25%
Andover Borough
25%
Andover Twp
25%
Blairstown
25%
Califon
25%
East Amwell
25%
Frankford
25%
Fredon
25%
Frelinghuysen
25%
Greenwich
25%
Hamburg
25%
Hampton Borough
25%
Hampton Twp
25%
Hasbrouck Heights
25%
Hope
25%
Independence
25%
Lafayette
25%
Liberty
25%
Mansfield
25%
Manville
25%
Milltown
25%
New Milford
25%
Ogdensburg
25%
Park Ridge
25%
Plainsboro
25%
Ramsey
25%
Ridgefield Park
25%
Stanhope
25%
Stillwater
25%
West Amwell
25%
No matching quizzes found
Score Distribution
Percent of People with Each Score
Percentile by Number Answered
Your Score History
You have not taken this quiz